Sinopsis del plan de ordenación económicosocial : la presidencia del gobierno acaba de repartir, para su estudio y corrección, la edición numerada del Programa de Necesidades de la Provincia de Barcelona. la presidencia del gobierno acaba de repartir, para su estudio y corrección, la edición numerada del Programa de Necesidades de la Provincia de Barcelona.
Colección:
San Jorge,
; núm. 2 (abril 1951), pàg. 32-36
Materias:
Barcelona (Catalunya : Província) -- Política social
; Barcelona (Catalunya : Província) -- Política econòmica
Idioma:
Español
MARC
| LEADER | 00000naa a2200000 a 4500 | ||
|---|---|---|---|
| 008 | 160829s1951 spca x s spa c 000 0 cat d | ||
| 040 | |a agdb | ||
| 245 | |a Sinopsis del plan de ordenación económicosocial : |b la presidencia del gobierno acaba de repartir, para su estudio y corrección, la edición numerada del Programa de Necesidades de la Provincia de Barcelona. | ||
| 490 | |a San Jorge, |v núm. 2 (abril 1951), pàg. 32-36 | ||
| 651 | 0 | |a Barcelona (Catalunya : Província) |x Política social |9 53862 | |
| 651 | 0 | |a Barcelona (Catalunya : Província) |x Política econòmica |9 54027 | |
| 773 | |t San Jorge. |g Núm. 2 (abril 1951), pàg. 32-36 | ||
| 901 | |a Arxiu | ||
| 942 | |n 1 |2 udc |c ART | ||
| 952 | |0 0 |1 0 |4 0 |7 1 |9 64524 |a Arxiu |b Arxiu |d 2022-11-30 |o Rev-508 |r 2022-11-30 00:00:00 |w 2022-11-30 |y ARXIU |z Tambe disponible a Rev-521 | ||
| 999 | |c 43759 |d 43759 | ||